[Event "17. Lovfalds EMT Basis 2 2003"]
[Site "Ringsted"]
[Date "2003.09.19"]
[Round "1"]
[White "Vestergaard, Johannes"]
[Black "Wiecker, Stefan"]
[Result "1/2-1/2"]
[WhiteElo "1609"]
[BlackElo "1457"]
[PlyCount "74"]
[EventDate "2003.??.??"]

1. d4 Nf6 2. Nf3 e6 3. g3 b6 4. Bg2 Bb7 5. O-O Be7 6. b3 O-O 7. Bb2 Ne4 8. c4
f5 9. Qc2 Bf6 10. Nbd2 d6 11. Ne1 d5 12. f3 Nd6 13. Rc1 Na6 14. e4 fxe4 15.
fxe4 Nxe4 16. Nxe4 dxe4 17. Rd1 Qe7 18. Bxe4 Bxe4 19. Qxe4 c5 20. Nf3 Rad8 21.
Rfe1 Rd6 22. Bc1 Qd8 23. Bf4 Bxd4+ 24. Nxd4 Rxd4 25. Qxe6+ Kh8 26. Rxd4 Qxd4+
27. Kg2 Nb4 28. Qe8 Kg8 29. Qe6+ Kh8 30. Be5 Qf2+ 31. Kh3 Nd3 32. Re4 Nxe5 33.
Qxe5 Qxa2 34. Rg4 Rg8 35. Rxg7 Rxg7 36. Qe8+ Rg8 37. Qe5+ Rg7 1/2-1/2

[Event "17. Lovfalds EMT Basis 2 2003"]
[Site "Ringsted"]
[Date "2003.09.19"]
[Round "1"]
[White "Jensen, Jan Erik"]
[Black "Hansen, Arne Mandrup"]
[Result "1-0"]
[WhiteElo "1227"]
[BlackElo "1334"]
[PlyCount "67"]
[EventDate "2003.??.??"]

1. e4 d5 2. e5 d4 3. g3 c5 4. f4 e6 5. d3 Be7 6. Bg2 Nc6 7. b3 Nh6 8. Be4 O-O
9. Bd2 f6 10. exf6 Bxf6 11. Qf3 Qc7 12. Bxc6 bxc6 13. Na3 Qb6 14. Nc4 Qc7 15.
O-O-O Nf5 16. Qe2 Ne7 17. Nf3 a5 18. a4 Nd5 19. Qe1 Nb4 20. Bxb4 cxb4 21. Qf2
c5 22. Rhe1 Re8 23. Re2 e5 24. Rde1 Bb7 25. Nfxe5 Bxe5 26. Rxe5 Rf8 27. Qe2 Ba6
28. Re7 Qd8 29. Qe5 Rf6 30. Qxc5 Qf8 31. Qd5+ Kh8 32. Nd6 h6 33. Re8 Rxe8 34.
Rxe8 1-0

[Event "17. Lovfalds EMT Basis 2 2003"]
[Site "Ringsted"]
[Date "2003.09.19"]
[Round "1"]
[White "Janbazi, Farzad"]
[Black "Suadicani, Kjell"]
[Result "0-1"]
[WhiteElo "1175"]
[BlackElo "1268"]
[PlyCount "60"]
[EventDate "2003.??.??"]

1. d4 Nf6 2. Nf3 e6 3. Bf4 d5 4. e3 Be7 5. c3 O-O 6. Bd3 c5 7. Ne5 Nbd7 8. O-O
Qb6 9. b3 Bd6 10. Kh1 Qc7 11. g4 Nxe5 12. dxe5 Bxe5 13. Qf3 Bxf4 14. exf4 e5
15. fxe5 Qxe5 16. Bf5 g6 17. Bxc8 Raxc8 18. Nd2 Qg5 19. Rad1 Rc6 20. Rg1 Re8
21. Qg3 Qe5 22. f4 Qe3 23. Nf3 Ne4 24. Qe1 Qxf3+ 25. Rg2 Ng3+ 26. Qxg3 Qxd1+
27. Rg1 Qe2 28. f5 Qe4+ 29. Rg2 Qe1+ 30. Qxe1 Rxe1+ 0-1

[Event "17. Lovfalds EMT Basis 2 2003"]
[Site "Ringsted"]
[Date "2003.09.19"]
[Round "1"]
[White "Nielsen, Morten"]
[Black "Abdi, Farhad"]
[Result "0-1"]
[WhiteElo "1288"]
[BlackElo "1287"]
[PlyCount "94"]
[EventDate "2003.??.??"]

1. e4 d6 2. d4 Nf6 3. Nc3 g6 4. Nf3 Bg7 5. b3 O-O 6. Bb2 Nbd7 7. Bd3 e5 8. Ne2
Re8 9. h3 c6 10. c4 exd4 11. Bxd4 Nxe4 12. Bxg7 Kxg7 13. Bxe4 Rxe4 14. Qxd6 Qe8
15. Qd2 Nf6 16. Rc1 Bf5 17. Nfd4 Qe5 18. Nxf5+ Qxf5 19. f3 Re7 20. O-O Rae8 21.
Ng3 Qc5+ 22. Qf2 Qxf2+ 23. Kxf2 h5 24. Rfe1 h4 25. Rxe7 hxg3+ 26. Kxg3 Rxe7 27.
Kf2 Nd7 28. f4 Nc5 29. Kf3 a5 30. Rd1 Na6 31. a3 Nc5 32. b4 axb4 33. axb4 Na6
34. b5 cxb5 35. cxb5 Nc5 36. g4 Na4 37. Rd3 Re6 38. f5 Rf6 39. Kf4 Nc5 40. Rd5
Ne6+ 41. Ke4 Ng5+ 42. Ke5 Nxh3 43. fxg6 Rxg6 44. Rd7 Rg5+ 45. Kd6 Rxb5 46. Kc7
Nf2 47. Kc8 Nxg4 0-1

[Event "17. Lovfalds EMT Basis 2 2003"]
[Site "Ringsted"]
[Date "2003.09.19"]
[Round "1"]
[White "Jakobsen, Henning"]
[Black "Petersen, Torben William"]
[Result "0-1"]
[WhiteElo "1179"]
[BlackElo "1496"]
[PlyCount "68"]
[EventDate "2003.??.??"]

1. d4 e6 2. c4 Nf6 3. Nc3 Bb4 4. Bd2 O-O 5. e3 d5 6. cxd5 exd5 7. Bd3 c6 8. Nf3
Bg4 9. O-O Nbd7 10. h3 Bh5 11. a3 Ba5 12. b4 Bc7 13. Be2 Re8 14. Rc1 Nf8 15. b5
Qd6 16. g3 Qxa3 17. bxc6 bxc6 18. Nb1 Qd6 19. Ne5 Bxe2 20. Qxe2 Qe6 21. Kg2
Bxe5 22. dxe5 Ne4 23. f4 Qg6 24. Qg4 Qxg4 25. hxg4 Rec8 26. Kf3 Rab8 27. g5
Rxb1 28. Rfd1 Nxd2+ 29. Ke2 Rxc1 30. Rxc1 Ne4 31. Kf3 Ne6 32. Rb1 g6 33. Rb7
Ra8 34. Rd7 a5 0-1

[Event "17. Lovfalds EMT Basis 2 2003"]
[Site "Ringsted"]
[Date "2003.09.20"]
[Round "2"]
[White "Hansen, Arne Mandrup"]
[Black "Vestergaard, Johannes"]
[Result "0-1"]
[WhiteElo "1334"]
[BlackElo "1609"]
[PlyCount "118"]
[EventDate "2003.??.??"]

1. d4 Nf6 2. Bf4 e6 3. e3 b6 4. Nf3 Bb7 5. c4 Be7 6. Nc3 d5 7. Be2 O-O 8. a3 a6
9. b4 c5 10. O-O cxb4 11. axb4 Bxb4 12. Na4 Nbd7 13. h3 dxc4 14. Qb1 Qe7 15.
Ne5 b5 16. Nb2 Be4 17. Qd1 Bc3 18. Ra2 Qb4 19. Qa1 Bc2 20. Bd1 Bb3 21. Bxb3
Qxb3 22. Rb1 Nb6 23. Ra3 Qc2 24. Qa2 Bxb2 25. Rxb2 Qd1+ 26. Kh2 Nbd5 27. Rb1
Qh5 28. g4 Nxg4+ 29. Nxg4 Nxf4 30. exf4 Qf5 31. Rf3 h5 32. Ne3 Qe4 33. Kg3 h4+
34. Kg2 f5 35. Rg1 Rf6 36. Qe2 g5 37. Kh2 Rg6 38. fxg5 f4 39. Rg4 Qxd4 40. Ng2
e5 41. Nxh4 Rc6 42. Nf5 Qd7 43. Qxe5 Re8 44. Nh6+ Kh7 45. Qxf4 Qc7 46. Qxc7+
Rxc7 47. Rf7+ Rxf7 48. Nxf7 Kg7 49. Nd6 Re2 50. Rf4 c3 51. Kg2 c2 52. Rf7+ Kg6
53. Rc7 Kxg5 54. Nf7+ Kf6 55. Nh6 b4 56. h4 Kg6 57. Nf7 b3 58. Nh8+ Kf6 59. h5
b2 0-1

[Event "17. Lovfalds EMT Basis 2 2003"]
[Site "Ringsted"]
[Date "2003.09.20"]
[Round "2"]
[White "Wiecker, Stefan"]
[Black "Janbazi, Farzad"]
[Result "1/2-1/2"]
[WhiteElo "1457"]
[BlackElo "1175"]
[PlyCount "120"]
[EventDate "2003.??.??"]

1. e4 e6 2. d4 d5 3. e5 c5 4. c3 Nc6 5. f4 Nge7 6. Nf3 Nf5 7. Na3 cxd4 8. cxd4
Bxa3 9. bxa3 Qa5+ 10. Bd2 Qxa3 11. Bb5 O-O 12. Bxc6 bxc6 13. Qb3 Qa6 14. Kf2
Bd7 15. Rhc1 Rab8 16. Qc2 Rb7 17. g4 Nh6 18. Ng5 g6 19. h4 Nxg4+ 20. Kf3 h5 21.
Rg1 Rfb8 22. Bc3 Qa3 23. Rxg4 hxg4+ 24. Ke3 f5 25. exf6 Be8 26. h5 Qf8 27. Rh1
gxh5 28. f7+ Rxf7 29. Rxh5 Rbb7 30. Qh2 Kg7 31. Rh7+ Kf6 32. Qh6+ Qxh6 33.
Rxh6+ Kg7 34. Nxf7 Bxf7 35. Rh4 Kf6 36. Rxg4 Bg6 37. Rg5 Rh7 38. Rg3 Rh2 39. a3
Rh7 40. Bb4 Rb7 41. Kf2 Rb5 42. Rc3 Be8 43. Rc5 Rb7 44. Rc3 Kf5 45. Bd6 Ke4 46.
Be5 a5 47. Re3+ Kf5 48. Kf3 Rh7 49. Ke2 Rb7 50. Kf3 a4 51. Bd6 Rb3 52. Kf2 Rb2+
53. Re2 Rb3 54. Re3 Rb2+ 55. Re2 Rxe2+ 56. Kxe2 Ke4 57. Be5 Bh5+ 58. Kd2 Be8
59. Kc3 Bd7 60. Kb4 Kd3 1/2-1/2

[Event "17. Lovfalds EMT Basis 2 2003"]
[Site "Ringsted"]
[Date "2003.09.20"]
[Round "2"]
[White "Jakobsen, Henning"]
[Black "Nielsen, Morten"]
[Result "0-1"]
[WhiteElo "1179"]
[BlackElo "1288"]
[PlyCount "50"]
[EventDate "2003.??.??"]

1. d4 f5 2. c4 Nf6 3. Nc3 e6 4. Bg5 Be7 5. Nf3 d6 6. e3 Nbd7 7. Be2 e5 8. dxe5
dxe5 9. O-O O-O 10. Qc2 e4 11. Nd4 Ne5 12. Rad1 Nfg4 13. Bxe7 Qxe7 14. Nd5 Qf7
15. h3 Nf6 16. Nxf6+ Qxf6 17. Qb3 c5 18. Nb5 Qg5 19. Nd6 Nf3+ 20. Bxf3 exf3 21.
g3 Qh5 22. Kh2 Be6 23. Rg1 Rf6 24. Qxb7 Qxh3+ 25. Kxh3 Rg6 0-1

[Event "17. Lovfalds EMT Basis 2 2003"]
[Site "Ringsted"]
[Date "2003.09.20"]
[Round "2"]
[White "Suadicani, Kjell"]
[Black "Jensen, Jan Erik"]
[Result "1-0"]
[WhiteElo "1268"]
[BlackElo "1227"]
[PlyCount "91"]
[EventDate "2003.??.??"]

1. d4 d5 2. c4 dxc4 3. e3 Bf5 4. Bxc4 e6 5. Nf3 Bb4+ 6. Nc3 Bxc3+ 7. bxc3 Nf6
8. O-O O-O 9. Nh4 Be4 10. Nf3 h6 11. Ne5 Nbd7 12. Nxd7 Qxd7 13. f3 Bd5 14. Bd3
b6 15. e4 Bb7 16. e5 Nd5 17. Qe1 Rab8 18. Qg3 Kh8 19. Bd2 Ne7 20. Qh3 Nf5 21.
g4 Nxd4 22. Bxh6 Ne2+ 23. Bxe2 gxh6 24. Qxh6+ Kg8 25. Rad1 Qe7 26. Bd3 f6 27.
exf6 Rxf6 28. Qg5+ Qg7 29. Qxg7+ Kxg7 30. Be4 Ba6 31. Rd7+ Kg8 32. Rf2 Rf7 33.
Rfd2 Rbf8 34. Rxf7 Rxf7 35. h4 Kg7 36. g5 Rf4 37. h5 Bb5 38. h6+ Kg8 39. g6 Rf6
40. Rd8+ Rf8 41. Rxf8+ Kxf8 42. f4 Be8 43. f5 exf5 44. Bxf5 c5 45. g7+ Kf7 46.
Be6+ 1-0

[Event "17. Lovfalds EMT Basis 2 2003"]
[Site "Ringsted"]
[Date "2003.09.20"]
[Round "2"]
[White "Petersen, Torben William"]
[Black "Abdi, Farhad"]
[Result "1-0"]
[WhiteElo "1496"]
[BlackElo "1287"]
[PlyCount "151"]
[EventDate "2003.??.??"]

1. d4 Nf6 2. Nf3 g6 3. c4 Bg7 4. Nc3 d6 5. e4 O-O 6. Be2 e5 7. dxe5 dxe5 8.
Qxd8 Rxd8 9. Bg5 Re8 10. Bxf6 Bxf6 11. Nd5 Bd8 12. O-O c6 13. Nc3 Bg4 14. Rfd1
Na6 15. h3 Bxf3 16. Bxf3 Ba5 17. Na4 Rad8 18. a3 Rd4 19. b4 Bb6 20. c5 Bc7 21.
Rxd4 exd4 22. Rd1 Rd8 23. Nb2 Kf8 24. Nc4 Ke7 25. e5 Ke6 26. Nd6 Bxd6 27. exd6
b6 28. Be2 Nb8 29. Rxd4 bxc5 30. bxc5 Nd7 31. Re4+ Kd5 32. Re7 Kxc5 33. Rxf7
Kxd6 34. Rxh7 a5 35. Rg7 Ne5 36. Ra7 c5 37. Rxa5 Kd5 38. Rb5 Ra8 39. f4 Rxa3
40. fxe5 Re3 41. Bf3+ Kd4 42. Rb6 Rxe5 43. Rxg6 c4 44. Rc6 c3 45. Kf2 Kd3 46.
Bd1 Rd5 47. Bb3 Rd4 48. Ke1 Re4+ 49. Kd1 Rd4 50. Bc2+ Ke3+ 51. Ke1 Kf4 52. Rxc3
Rd6 53. Rf3+ Kg5 54. Rf5+ Kh4 55. Rf3 Rb6 56. Bf5 Rf6 57. g3+ Kg5 58. h4+ Kh6
59. g4 Kg7 60. Kf2 Rh6 61. h5 Kf6 62. Bg6+ Kg5 63. Kg3 Rh8 64. Rf5+ Kh6 65. g5+
Kg7 66. Rf7+ Kg8 67. Ra7 Kf8 68. Ra8+ Kg7 69. Rxh8 Kxh8 70. Kf4 Kg7 71. Ke5 Kh8
72. Bd3 Kg7 73. h6+ Kh8 74. g6 Kg8 75. Bc4+ Kh8 76. g7+ 1-0

[Event "17. Lovfalds EMT Basis 2 2003"]
[Site "Ringsted"]
[Date "2003.09.20"]
[Round "3"]
[White "Abdi, Farhad"]
[Black "Wiecker, Stefan"]
[Result "0-1"]
[WhiteElo "1287"]
[BlackElo "1457"]
[PlyCount "96"]
[EventDate "2003.??.??"]

1. d4 d5 2. Nf3 Nf6 3. e3 c6 4. Bd3 Bg4 5. Nbd2 e6 6. h3 Bxf3 7. Nxf3 Nbd7 8.
O-O Bd6 9. c3 O-O 10. Re1 h6 11. e4 dxe4 12. Bxe4 Nxe4 13. Rxe4 Nf6 14. Rh4 Be7
15. Be3 Qc7 16. Qd2 Nd5 17. Rh5 Nxe3 18. Qxe3 Rfd8 19. Ne5 Bg5 20. Qg3 g6 21.
Rxg5 hxg5 22. Qxg5 Kg7 23. h4 Rh8 24. g4 Qd8 25. Qf4 Qf6 26. Qg5 Rxh4 27. Qxf6+
Kxf6 28. Kg2 Rah8 29. Kf3 Rh1 30. Rxh1 Rxh1 31. Ke3 Rb1 32. Nd3 b6 33. a3 a5
34. f4 Ke7 35. c4 f6 36. Kd2 Rg1 37. b4 Rxg4 38. c5 bxc5 39. bxa5 cxd4 40. a6
Rh4 41. Nc5 Kd6 42. Ne4+ Ke7 43. Kd3 Rh3+ 44. Kxd4 Rxa3 45. Nc5 g5 46. Kc4 gxf4
47. Kb4 Rxa6 48. Nxa6 f3 0-1

[Event "17. Lovfalds EMT Basis 2 2003"]
[Site "Ringsted"]
[Date "2003.09.20"]
[Round "3"]
[White "Hansen, Arne Mandrup"]
[Black "Jakobsen, Henning"]
[Result "1-0"]
[WhiteElo "1334"]
[BlackElo "1179"]
[PlyCount "51"]
[EventDate "2003.??.??"]

1. d4 Nf6 2. Bf4 d6 3. e3 g6 4. Nf3 Bg4 5. h3 Bxf3 6. Qxf3 Nbd7 7. c3 c6 8. Nd2
Bg7 9. b4 O-O 10. g4 Nd5 11. Rc1 Re8 12. Bh2 e5 13. Bc4 Bf6 14. Bxd5 cxd5 15.
Qxd5 Nb6 16. Qxb7 exd4 17. cxd4 Bxd4 18. O-O Be5 19. Rc7 Nd5 20. Rxf7 Re7 21.
Rxe7 Nxe7 22. Rc1 Kf7 23. Rc7 Ke6 24. Nf3 Nd5 25. Rxh7 Qb8 26. Qf7# 1-0

[Event "17. Lovfalds EMT Basis 2 2003"]
[Site "Ringsted"]
[Date "2003.09.20"]
[Round "3"]
[White "Janbazi, Farzad"]
[Black "Nielsen, Morten"]
[Result "1-0"]
[WhiteElo "1175"]
[BlackElo "1288"]
[PlyCount "47"]
[EventDate "2003.??.??"]

1. d4 f5 2. Nf3 Nf6 3. Bf4 e6 4. e3 d6 5. Bd3 Nc6 6. c3 Be7 7. Nbd2 e5 8. dxe5
dxe5 9. Nxe5 Nxe5 10. Qa4+ Bd7 11. Qc2 Nxd3+ 12. Qxd3 g6 13. O-O-O O-O 14. Nc4
Ne4 15. Qxd7 Nxf2 16. Qe6+ Kg7 17. Be5+ Bf6 18. Rxd8 Raxd8 19. Bxf6+ Rxf6 20.
Qe7+ Kh6 21. Qxd8 Rc6 22. Qh4+ Kg7 23. Qxf2 Rxc4 24. Rd1 1-0

[Event "17. Lovfalds EMT Basis 2 2003"]
[Site "Ringsted"]
[Date "2003.09.20"]
[Round "3"]
[White "Jensen, Jan Erik"]
[Black "Vestergaard, Johannes"]
[Result "1/2-1/2"]
[WhiteElo "1227"]
[BlackElo "1609"]
[PlyCount "43"]
[EventDate "2003.??.??"]

1. e4 e5 2. Nf3 Nc6 3. Bb5 Nf6 4. Bxc6 dxc6 5. d3 Bd6 6. Nc3 O-O 7. Bg5 h6 8.
Bh4 Bg4 9. h3 Bxf3 10. Qxf3 Be7 11. Bxf6 Bxf6 12. O-O Qd6 13. Ne2 Rad8 14. Ng3
g6 15. b3 Kg7 16. Qe2 Qd4 17. Rab1 Bh4 18. Kh2 Rd6 19. Qg4 Bxg3+ 20. Qxg3 f5
21. exf5 Rxf5 22. f3 1/2-1/2

[Event "17. Lovfalds EMT Basis 2 2003"]
[Site "Ringsted"]
[Date "2003.09.21"]
[Round "4"]
[White "Wiecker, Stefan"]
[Black "Suadicani, Kjell"]
[Result "1-0"]
[WhiteElo "1457"]
[BlackElo "1268"]
[PlyCount "79"]
[EventDate "2003.??.??"]

1. e4 e6 2. d4 d5 3. Nd2 c5 4. c3 Nc6 5. Ngf3 cxd4 6. cxd4 Bb4 7. e5 Nge7 8. a3
Ba5 9. b4 Bb6 10. Bb2 Nf5 11. Nb3 O-O 12. Be2 Bd7 13. O-O Rc8 14. Rc1 a6 15.
Rc2 Na7 16. Nc5 Bxc5 17. Rxc5 Bb5 18. a4 Bxe2 19. Qxe2 Qd7 20. Qc2 b6 21. Rxc8
Rxc8 22. Qb3 b5 23. Ra1 Rc4 24. g4 Ne7 25. Nd2 Rc7 26. Qd1 Nac8 27. Nb3 Nb6 28.
Nc5 Qc8 29. axb5 axb5 30. Bc3 Nc6 31. Ra6 Na4 32. Qa1 Nxc3 33. Ra8 Nb8 34. Qxc3
g6 35. Qf3 h6 36. h4 Qe8 37. h5 g5 38. Qf6 Kh7 39. Na6 Qc6 40. Rxb8 1-0

[Event "17. Lovfalds EMT Basis 2 2003"]
[Site "Ringsted"]
[Date "2003.09.21"]
[Round "4"]
[White "Nielsen, Morten"]
[Black "Hansen, Arne Mandrup"]
[Result "0-1"]
[WhiteElo "1288"]
[BlackElo "1334"]
[PlyCount "44"]
[EventDate "2003.??.??"]

1. e4 d5 2. exd5 Nf6 3. d4 Qxd5 4. Nc3 Qa5 5. Nf3 Nc6 6. Bd2 Bg4 7. Nb5 Qb6 8.
c4 Bxf3 9. Qxf3 Nxd4 10. Nxd4 Qxd4 11. Qxb7 Qe4+ 12. Qxe4 Nxe4 13. g3 Nxd2 14.
Kxd2 O-O-O+ 15. Kc3 e6 16. b4 c5 17. b5 g6 18. Kb3 Bg7 19. Rb1 Rd2 20. f4 Rhd8
21. Rc1 Rb2+ 22. Ka3 Rdd2 0-1

[Event "17. Lovfalds EMT Basis 2 2003"]
[Site "Ringsted"]
[Date "2003.09.21"]
[Round "4"]
[White "Vestergaard, Johannes"]
[Black "Petersen, Torben William"]
[Result "1/2-1/2"]
[WhiteElo "1609"]
[BlackElo "1496"]
[PlyCount "28"]
[EventDate "2003.??.??"]

1. d4 e6 2. Nf3 Nf6 3. g3 d5 4. Bg2 Be7 5. O-O O-O 6. Bg5 Nbd7 7. Nbd2 b6 8. c4
Bb7 9. Qc2 Rc8 10. cxd5 Nxd5 11. Bxe7 Qxe7 12. a3 c5 13. dxc5 Rxc5 14. Qd3 Rd8
1/2-1/2

[Event "17. Lovfalds EMT Basis 2 2003"]
[Site "Ringsted"]
[Date "2003.09.21"]
[Round "4"]
[White "Janbazi, Farzad"]
[Black "Jensen, Jan Erik"]
[Result "1-0"]
[WhiteElo "1175"]
[BlackElo "1227"]
[PlyCount "31"]
[EventDate "2003.??.??"]

1. d4 d5 2. Nf3 Bg4 3. Ne5 Bf5 4. Bf4 e6 5. e3 Bd6 6. c3 f6 7. Nd3 Bxf4 8. Nxf4
Nc6 9. g4 Bxb1 10. Qxb1 e5 11. Nh5 Qd7 12. Be2 Nh6 13. h3 O-O 14. Rg1 Nf7 15.
h4 g6 16. Nxf6+ 1-0

[Event "17. Lovfalds EMT Basis 2 2003"]
[Site "Ringsted"]
[Date "2003.09.21"]
[Round "4"]
[White "Abdi, Farhad"]
[Black "Jakobsen, Henning"]
[Result "1-0"]
[WhiteElo "1287"]
[BlackElo "1179"]
[PlyCount "81"]
[EventDate "2003.??.??"]

1. d4 Nf6 2. c4 g6 3. Nc3 Bg7 4. e4 d6 5. Nf3 Bg4 6. Be2 O-O 7. Be3 e5 8. O-O
Nc6 9. d5 Ne7 10. Ne1 Bxe2 11. Qxe2 Nd7 12. Nd3 f5 13. f3 f4 14. Bf2 g5 15. c5
Nf6 16. b4 h5 17. Rac1 g4 18. Bh4 gxf3 19. gxf3 Ng6 20. Qf2 Nxh4 21. Qxh4 Kh8
22. Rc2 Rg8 23. Rg2 Nh7 24. Qxh5 Bf6 25. Rff2 Bh4 26. Rxg8+ Qxg8+ 27. Rg2 Bg5
28. h4 Qe8 29. Qxe8+ Rxe8 30. hxg5 Rg8 31. g6 Nf6 32. cxd6 cxd6 33. Nb5 Nh5 34.
Nxd6 b6 35. Nf7+ Kg7 36. Nfxe5 Kf6 37. Rg4 Rg7 38. Kf2 Rc7 39. Nc6 Kg7 40. Nxf4
Nf6 41. Ne6+ 1-0

[Event "17. Lovfalds EMT Basis 2 2003"]
[Site "Ringsted"]
[Date "2003.09.21"]
[Round "5"]
[White "Vestergaard, Johannes"]
[Black "Janbazi, Farzad"]
[Result "1/2-1/2"]
[WhiteElo "1609"]
[BlackElo "1175"]
[PlyCount "30"]
[EventDate "2003.??.??"]

1. d4 d5 2. Nf3 Bf5 3. e3 Nf6 4. c4 e6 5. Nc3 c6 6. Bd3 Ne4 7. O-O Nd7 8. Qe2
Be7 9. Bd2 O-O 10. Rac1 Ndf6 11. h3 Nxc3 12. Bxc3 Bxd3 13. Qxd3 Re8 14. a3 a6
15. Rfd1 Ne4 1/2-1/2

[Event "17. Lovfalds EMT Basis 2 2003"]
[Site "Ringsted"]
[Date "2003.09.21"]
[Round "5"]
[White "Suadicani, Kjell"]
[Black "Nielsen, Morten"]
[Result "1-0"]
[WhiteElo "1268"]
[BlackElo "1288"]
[PlyCount "43"]
[EventDate "2003.??.??"]

1. d4 f5 2. c4 Nf6 3. Nc3 g6 4. Nf3 Bg7 5. e3 d6 6. Bd3 O-O 7. O-O Qe8 8. Nd5
Nxd5 9. cxd5 e5 10. dxe5 dxe5 11. e4 Na6 12. exf5 Bxf5 13. Bxf5 Rxf5 14. Ng5
Bh6 15. Ne6 Bxc1 16. Rxc1 Qd7 17. Qb3 Qd6 18. Qxb7 Rb8 19. Qxa7 Qxd5 20. Qxa6
Rb6 21. Qc8+ Kf7 22. Rxc7+ 1-0

[Event "17. Lovfalds EMT Basis 2 2003"]
[Site "Ringsted"]
[Date "2003.09.21"]
[Round "5"]
[White "Jakobsen, Henning"]
[Black "Jensen, Jan Erik"]
[Result "0-1"]
[WhiteElo "1179"]
[BlackElo "1227"]
[PlyCount "62"]
[EventDate "2003.??.??"]

1. d4 d5 2. c4 dxc4 3. Nc3 Bf5 4. e3 Nf6 5. Bxc4 e6 6. a3 Be7 7. Nf3 O-O 8. Ne5
Bd6 9. Bd3 Bxd3 10. Nxd3 Nc6 11. O-O a6 12. b4 b5 13. g3 Re8 14. Bb2 e5 15. d5
Ne7 16. e4 c6 17. Nc5 Bxc5 18. bxc5 cxd5 19. exd5 Nexd5 20. Qc2 Qc7 21. Nxd5
Nxd5 22. Rfd1 Nf6 23. Rac1 Rac8 24. Rd6 Nd7 25. c6 Qxd6 26. cxd7 Qxd7 27. Qb1
Rxc1+ 28. Qxc1 f6 29. Qc3 Qd1+ 30. Kg2 Rd8 31. Qc6 Qd5+ 0-1

[Event "17. Lovfalds EMT Basis 2 2003"]
[Site "Ringsted"]
[Date "2003.09.21"]
[Round "5"]
[White "Abdi, Farhad"]
[Black "Hansen, Arne Mandrup"]
[Result "0-1"]
[WhiteElo "1287"]
[BlackElo "1334"]
[PlyCount "52"]
[EventDate "2003.??.??"]

1. d4 Nf6 2. c4 g6 3. Nc3 Bg7 4. e4 d6 5. Nf3 O-O 6. Be2 Nbd7 7. Be3 e5 8. d5
b6 9. Qd2 Kh8 10. Bg5 a6 11. h4 h5 12. O-O-O Qe8 13. Bh6 Nc5 14. Bxg7+ Kxg7 15.
Ng5 Bd7 16. f3 b5 17. g4 Rh8 18. gxh5 Nxh5 19. Rdg1 Nf4 20. Rg3 b4 21. Nd1 a5
22. Nf2 Ba4 23. Nd3 Nfxd3+ 24. Bxd3 Bb3 25. Kb1 Bxa2+ 26. Kc2 Qa4+ 0-1